Word Ladder: Pirate Ship Quiz Stats

 Plays Quiz Updated Sep 15, 2012

Support Sporcle.
Go Orange.
Score 0/9 Timer 01:00
0 Plays Today
Clue Word % Correct
With last rung: Ship said to be 'nigh uncatchable'BLACK
74.1%
Ursine animalsBEARS
73.7%
What Jack plantsBEANS
73.5%
With first rung: Ship said to be 'nigh uncatchable'PEARL
70.2%
Bartletts and AnjousPEARS
65.5%
Mild and uninterestingBLAND
64.4%
EmptyBLANK
60.5%
Corporate logoBRAND
59.8%
Foods prepared from the husks of cereal grainsBRANS
54.3%

Today's Daily Dose

Word Ladder
ING Words

Get the Picture
Nearest Volcano

From the Vault

Blitz: Name the Second Word

by DarkPhalanx

First words are overrated.
Remove Ads.
Support Sporcle.
Get the best of Sporcle when you Go Orange. This ad-free experience offers more features, more stats, and more fun while also helping to support Sporcle. Thank you for becoming a member.

Show Comments

Extras

Top Quizzes Today


Score Distribution

Your Account Isn't Verified!

In order to create a playlist on Sporcle, you need to verify the email address you used during registration. Go to your Sporcle Settings to finish the process.

Report this User

Report this user for behavior that violates our Community Guidelines.

Details: